Normal view
MARC view
- Walker, keith.m
Entry Personal Name
001 - CONTROL NUMBER
- control field: 80752
003 - CONTROL NUMBER IDENTIFIER
- control field: NUST
005 - DATE AND TIME OF LATEST TRANSACTION
- control field: 20210628210731.0
008 - FIXED-LENGTH DATA ELEMENTS
- fixed length control field: 210628|| aca||aabn | a|a d
040 ## - CATALOGING SOURCE
- Original cataloging agency: NUST
- Transcribing agency: NUST
100 ## - HEADING--PERSONAL NAME
- Personal name: Walker, keith.m
670 ## - SOURCE DATA FOUND
- Source citation: Work cat.: (NUST): Walker, keith.m, Applied mechanics for engineering technology, 1997
